000 00827nam a2200253Ia 4500
003 OSt
005 20220923224652.0
006 a|||||r|||| 00| 0
007 ta
008 220922b |||||||| |||| 00| 0 hin d
024 _a248,652
037 _cTextual
040 _aARTS
_cARTS
_bhin
041 _2hin
_ahin
082 _aO152vN5, K9;L7
100 _aखडेलवाल, जय किशन प्रसाद
_9168192
245 0 _aहिन्दी साहित्य की परम्परा
246 _aHindī sāhitya kī paramparā
260 _c1977
300 _a783पृ.
_ccm.
650 _aहिन्दी साहित्य
_9156264
942 _hO152vN5, K9;L7
_cTEXL
_2CC
999 _c372820
_d372820